000 00292nam a2200109Ia 4500
008 200302s9999 xx 000 0 und d
100 _aJamini Mehta
245 _aRethinking Towards post rational Architecture Modernity
260 _bNiyogi Books Published
260 _c2011
300 _a155 P.,
999 _c4302
_d4302